|
|
|
|
| LEADER |
00000nab a2200000 a 4500 |
| 001 |
vtls000481894 |
| 003 |
SK-MaSNL |
| 005 |
20260304054850.0 |
| 008 |
230120c1993 xo 0 cze |
| 015 |
|
|
|a SNBRB19rr/mm-uuuuu
|
| 035 |
|
|
|a CL0482029
|
| 035 |
|
|
|a urn:nbn:sk:snk-ab7l1i
|
| 035 |
|
|
|a (urnnbn)urn:nbn:sk:snk:ar-006ape
|
| 035 |
|
|
|a (uuid)e9bb43fb-1160-4ba8-bac3-872fb438270b
|
| 040 |
|
|
|a SNKBUCL
|b slo
|c SNKBUCL
|e AACR2
|
| 041 |
0 |
|
|a cze
|
| 044 |
|
|
|a xo
|c SK
|
| 080 |
|
|
|a 798.42.093.1
|2 1981
|
| 100 |
1 |
|
|a Jackuliaková, Lenka
|4 aut
|9 1122454
|
| 245 |
1 |
0 |
|a Dostihová Anglie
|c Lenka Jackuliaková
|
| 300 |
|
|
|b Fotogr. 3, obr. 1
|
| 650 |
0 |
7 |
|a jazdectvo
|2 snkbucl
|9 3225
|
| 650 |
0 |
7 |
|a konské dostihy
|2 snkbucl
|9 3226
|
| 651 |
|
7 |
|a Anglicko
|2 snkbucl
|9 168041
|
| 651 |
|
7 |
|a Veľká Británia
|2 snkbucl
|9 20930
|
| 655 |
|
7 |
|a články z novín a časopisov
|2 snkbucl
|9 267496
|
| 773 |
0 |
|
|t Jazdectvo = Jezdectví
|g Č. 4 (1993), s. 12-13
|x 1210-5406
|
| 850 |
|
|
|a Slovenská národná knižnica v Martine
|a MTA001
|
| 852 |
|
|
|a SNK
|b KIS3GCP
|
| 954 |
|
|
|a odborná, vedecká literatúra cudzojazyčná (svetová)
|2 lita
|
| 954 |
|
|
|a odborná, vedecká literatúra pôvodná (slovenská)
|2 lita
|
| 958 |
|
|
|a OND
|
| 958 |
|
|
|a RK
|
| 958 |
|
|
|a EUIPO
|
| 958 |
|
|
|a article7
|
| 992 |
|
|
|a RBX
|
| 999 |
|
|
|c 2721148
|d 2723078
|